1036 1427 1056 1649 1801 1718 1204 1992 1785 1827 1028 1288 1651 1751 1380 1485 1247 1261 1166 1526 1406 1213 1372 1292 1229 1512 1603 1242 1337 1823 1202 1133 1219 1753 1304 1352 1522 1321 1770 1051 1733 1256 1363 1589 1492 1417 1720 1143 1945 1323 1175 1960 1240 1592 1894 1009 1206 1962 1765 1269 1963 1951 1236 1620 1991 1429 1619 1863 1669 1870 1098 1188 1144 1873 1702 1166 1828 1346 1211 1244 1910 1367 1062 1388 1685 1293 1137 1086 1632 1190 1102 1998 1473 1995 1309 1886 1914 1748 1483 BCNSPRNW ULIB Ver.6.0+V

เปลี่ยนเป็นภาษาไทย

Change to English
 แสดงรายละเอียดบรรณานุกรม
  กลับหน้าหลัก

Brief Record : Get Marc (ISO 2709) : E-mail record : QR code < ปิดหน้าต่าง
LEADER : 00000nam 2200000uu 4500
001    13399114043
003     ULIB
008    120203s2550||||th 000 0 tha d
020    ^a9789742988050
060  4 ^aQT104^bก276ส
245 00 ^aสรีรวิทยา = ^bEssential atlas of physiology/^c[กฤตยา รามโกมุท, แปล ; วิริยะ สิริสิงห, บรรณาธิการ]
246 0  ^aEssential atlas of physiology
250    ^aพิมพ์ครั้งที่ 1
260    ^aกรุงเทพฯ :^bสุวีริยาสาส์น,^c2550
300    ^a96 หน้า. :^bภาพประกอบสี ;^c31 ซม.
650  7 ^aสรีรวิทยา
700 0  ^aวิริยะ สิริสิงห,^eผู้แปล
700 0  ^aวิริยะ สิริสิงห,^eบรรณาธิการ
945    ^p300^l0^i14944
945    ^p300^l0^i14949
945    ^p300^l0^i14950
945    ^p300^l0^i14947
945    ^p300^l0^i14943
945    ^p300^l0^i14945
995    ^aกัณชพร
999    ^aกัณชพร
รายการนี้ยังไม่มีแท็ก
คุณยังไม่ได้ล็อกอิน คุณสามารถมีกิจกรรมร่วมกับเว็บไซต์ได้ แต่ต้องล็อกอินก่อน ::
  ล็อกอิน

รายการสื่อสารสนเทศ

ลำดับที่ ประเภท เลขเรียก/บาร์โค้ด สถานที่ สถานะ
1. วิทยาศาสตร์การแพทย์ และสุขภาพ
วิทยาศาสตร์การแพทย์ และสุขภาพ
QT104 ก276ส  
  Barcode: 14944
ห้องสมุดวิทยาเขตสวรรค์ประชารักษ์
►ส่วนจัดเก็บหนังสือเก่า สปร
บนชั้น
  ขอยืม
2. วิทยาศาสตร์การแพทย์ และสุขภาพ
วิทยาศาสตร์การแพทย์ และสุขภาพ
QT104 ก276ส ฉ.2 
  Barcode: 14949
ห้องสมุดวิทยาเขตสวรรค์ประชารักษ์
►ส่วนจัดเก็บหนังสือเก่า สปร
บนชั้น
  ขอยืม
3. วิทยาศาสตร์การแพทย์ และสุขภาพ
วิทยาศาสตร์การแพทย์ และสุขภาพ
QT104 ก276ส ฉ.3 
  Barcode: 14950
ห้องสมุดวิทยาเขตสวรรค์ประชารักษ์
►ส่วนจัดเก็บหนังสือเก่า สปร
บนชั้น
  ขอยืม
4. วิทยาศาสตร์การแพทย์ และสุขภาพ
วิทยาศาสตร์การแพทย์ และสุขภาพ
QT104 ก276ส ฉ.4 
  Barcode: 14947
ห้องสมุดวิทยาเขตสวรรค์ประชารักษ์
►ส่วนจัดเก็บหนังสือเก่า สปร
บนชั้น
  ขอยืม
5. วิทยาศาสตร์การแพทย์ และสุขภาพ
วิทยาศาสตร์การแพทย์ และสุขภาพ
QT104 ก276ส ฉ.5 
  Barcode: 14943
ห้องสมุดวิทยาเขตสวรรค์ประชารักษ์
►ส่วนจัดเก็บหนังสือเก่า สปร
บนชั้น
  ขอยืม
6. วิทยาศาสตร์การแพทย์ และสุขภาพ
วิทยาศาสตร์การแพทย์ และสุขภาพ
QT104 ก276ส ฉ.6 
  Barcode: 14945
ห้องสมุดวิทยาเขตสวรรค์ประชารักษ์
►ส่วนจัดเก็บหนังสือเก่า สปร
บนชั้น
  ขอยืม

รายการใกล้เคียง
    หัวเรื่อง [สรีรวิทยา]

BibComment


ยังไม่เคยถูกคอมเมนท์

คอมเมนท์ทรัพยากรรายการนี้
  คอมเมนท์: สรีรวิทยา Esse..


 Copyright 2026. Bcnsprnw @Library